• 首页
  • 本馆介绍
  • 公告通知
  • 最新文献
  • 馆藏检索
  • 电子资源
  • 读者导购
  • 参考咨询
  • 我的图书馆
  • 登录
  • 详细信息显示
  • 放入我的书架
  • 预约/预借图书
  • 作者相关作品
  • 分类相关作品
  • 丛书相关作品
  • 出版社相关作品

书目信息

  • 表格格式
  • 工作单格式
  • 卡片格式
题名:
物资经济学
    
 
作者: 张声书 编著
分册:  
出版信息: 北京   中央广播电视大学出版社  1983
页数: 349页
开本: 19cm
丛书名:
单 册:
中图分类: F25
科图分类:
主题词: 物资经济学--电视大学--教材 , 物资经济
电子资源:
ISBN:
000 00660nam0 2200253 45
001 0183003282
005 20040429093318.6
010    @dCNY0.93
091    @a4300.15
100    @a19950428d1983 em y0chiy0121 ea
101 0  @achi
102    @aCN@b110000
105    @ay z 000yy
106    @ar
200 10 @a物资经济学@Awu zi jing ji xue@f张声书等编著
210    @a北京@c中央广播电视大学出版社@d1983
215    @a349页@d19cm
606    @a物资经济学@x电视大学@x教材
606 0  @a物资经济
690    @aF25
701  0 @a张声书@Azhang sheng shu@4编著
801  0 @aCN@b上海图书馆@c20040429
801  2 @aCN@bNLC@c20040429
905    @f2@b109500-501@dF25@e2
    
    物资经济学/张声书等编著.-北京:中央广播电视大学出版社,1983
    349页;19cm
    
    
    ISBN :CNY0.93
    
●
相关链接 在E读中查询图书 在五车中查询图书 在当当中查询图书 在豆瓣中查询图书


正题名:物资经济学     索取号:F25/2         预约/预借

序号 登录号 条形码 馆藏地/架位号 状态 备注
1 0109500   000209438   第一借阅区/ [索取号:F25/2] 在馆    
2 0109501   000209394   第一借阅区/ [索取号:F25/2] 在馆    
3 0109502   000209474   第一样本阅览室/ [索取号:F25/2] 在馆    
唐山师范学院图书馆 欢迎您!
大连网信软件有限公司© 版权所有